Statistics for Animaniacs Characters

Click here to take the quiz!

General Stats

  • This quiz has been taken 463 times
  • The average score is 10 of 15

Answer Stats

HintAnswer% Correct
The Warner SisterDot
97%
The oldest Warner BrotherYakko
93%
The greedy Warner BrotherWakko
92%
His slightly stupid sidekickPinky
86%
The intelligent mouse planning world dominationBrain
85%
A squirrel with a bad temperSlappy
76%
His young female mistressMindy
64%
A hardy and courageous dogButtons
63%
A flock of pigeons (Group name required)Goodfeathers
61%
His attractive assistantHello Nurse
60%
Her nephewSkippy
56%
The Warner Studio guardRalph T. Guard
52%
A 'Barney the Dinosaur' spinoffBaloney the Dinosaur
35%
The chief executive of Warner Bros.Thaddeus Plotz
33%
The psychiatristDr. Otto Scratchansniff
32%

Score Distribution

Percentile by Number Answered

Percent of People with Each Score

Your Score History

You have not taken this quiz